000 00677nam a2200241Ia 4500
003 OSt
005 20221005125502.0
006 a|||||r|||| 00| 0
007 ta
008 221004b |||||||| |||| 00| 0 eng d
024 _a44294
037 _cTextual
040 _aCRL
_cCRL
_beng
041 _2eng
_aeng
082 _aO157:6M61z7, 111E7 close sec
100 _aTagore Rabindranath
245 0 _aPersonality
_b Lectures delivered in America
260 _c1917
650 _a ENGLISH LITERATURE
650 _aBENGALI LITERATURE
942 _hO157:6M61z7, 111E7 close sec
_cTEXL
_2cc
999 _c1054157
_d1054157